| 000 | 00558nam a2200217Ia 4500 | ||
|---|---|---|---|
| 003 | OSt | ||
| 005 | 20220918192444.0 | ||
| 006 | a|||||r|||| 00| 0 | ||
| 007 | ta | ||
| 008 | 220917b |||||||| |||| 00| 0 eng d | ||
| 024 | _a68,446 | ||
| 037 | _cTextual | ||
| 040 |
_aARTS _cARTS _beng |
||
| 041 |
_2eng _aeng |
||
| 082 | _aR3xN08:9, K7 | ||
| 100 |
_aRabil Albert _979173 |
||
| 245 | 0 |
_aMerleau-Ponty _b existentialist of the social world |
|
| 260 | _c1967 | ||
| 942 |
_hR3xN08:9, K7 _cTEXL _2CC |
||
| 999 |
_c194617 _d194617 |
||